[Event "Ouest Toulousain op-A 4th"]
[Site "Tournefeuille"]
[Date "2009.02.16"]
[Round "1"]
[White "Fedorchuk, Sergey A"]
[Black "Barral, Adrien"]
[Result "1-0"]
[WhiteElo "2633"]
[BlackElo "1880"]
[PlyCount "43"]
[EventDate "2009.02.16"]
[EventType "swiss"]
[EventRounds "9"]
[EventCountry "FRA"]
[SourceTitle "CBM 128 Extra"]
[Source "ChessBase"]
[SourceDate "2009.03.05"]
[SourceVersion "2"]
[SourceVersionDate "2009.03.25"]
[SourceQuality "1"]

1. e4 d6 2. d4 Nf6 3. Nc3 e5 4. Nf3 Nbd7 5. Bc4 Be7 6. 0-0 0-0 7. Re1 c6 8. a4 b6 9. h3 Bb7 10. Ba2 a6 11. dxe5 dxe5 12. Nh4 Nxe4 13. Rxe4 Bxh4 14. Rxh4 Qxh4 15. Qxd7 Rab8 16. Qc7 Ba8 17. Be3 c5 18. Bxf7+ Kh8 19. Qxe5 Rb7 20. Qh5 Qf6 21. Bd5 Re7 22. Bxa8 1-0